Beliebte männliche Vornamen - Bekannte Personen - Statistiken

Allgemein
  • Dieses Quiz wurde 64.505 mal gespielt
    64.418 seit der letzten Aktualisierung
  • Das Durchschnittsergebnis liegt bei 50 aus 89
Antwortstatistiken
Vorname Nachname % Korrekt
Albert Einstein
92%
Mark Forster
92%
Dieter Bohlen
88%
Lukas Podolski
87%
Stefan Raab
87%
Karl Marx
86%
Sebastian Vettel
86%
Christoph Columbus
85%
Elyas M'Barek
85%
Max Planck
85%
Thomas Mann
85%
Konrad Adenauer
84%
Ludwig van Beethoven
84%
Martin Luther
84%
Franz Beckenbauer
83%
Philipp Lahm
83%
Michael Schumacher
82%
Peter Maffay
82%
Herbert Grönemeyer
81%
Johann Sebastian Bach
80%
Otto von Bismarck
80%
Tim Mälzer
80%
Oliver Kahn
78%
Tom Hanks
78%
Jens Spahn
76%
Friedrich Schiller
75%
Markus Söder
75%
Florian Silbereisen
74%
Christian Lindner
73%
Frank Sinatra
73%
Dirk Nowitzki
72%
Leon Goretzka
72%
Marco Polo
71%
Hans Zimmer
70%
Helmut Kohl
69%
Jürgen Klinsmann
68%
Erich Kästner
67%
Nico Rosberg
64%
Alfred Hitchcock
63%
David Bowie
62%
Heinrich Heine
60%
Julian Assange
60%
Ben Stiller
57%
Klaus Kinski
56%
Horst Seehofer
55%
Willy Brandt
55%
Jörg Pilawa
54%
Gerhard Schröder
53%
Jonas Hector
53%
Paul von Hindenburg
51%
Wolfgang Schäuble
51%
Andre Agassi
50%
Kevin Kühnert
50%
Moritz Bleibtreu
50%
Uwe Ochsenknecht
50%
Luca Toni
49%
Fabian Hambüchen
47%
Jan Frodeno
47%
Felix Baumgartner
46%
Johannes Gutenberg
46%
Rolf Zuckowski
44%
Hermann Hesse
42%
Walter Ulbricht
42%
Ralf Möller
41%
Andreas Köpke
39%
Günter Grass
38%
Simon Gosejohann
38%
Georg Elser
36%
Heinz Erhardt
36%
Gerd Müller
35%
Daniel Brühl
34%
Harald Lesch
33%
Joseph Ratzinger
33%
Marcel Reif
33%
Alexander Gerst
31%
Rainer Maria Rilke
30%
Wilhelm Conrad Röntgen
29%
Kurt Georg Kiesinger
26%
Fritz Wepper
25%
Werner Heisenberg
25%
Benjamin von Stuckrad-Barre
24%
Patrick Ittrich
24%
Bernd Dürnberger
23%
Tobias Angerer
22%
Norbert Blüm
19%
Ernst Reuter
18%
Sven Plöger
17%
Manfred Lehmann
15%
Egon Bahr
8%
Keine übereinstimmenden Quizze gefunden
Verteilung der Resultate
Anzahl Personen mit jedem Resultat
Perzentil nach korrekt beantworteten Fragen
Ihre Resultats-Entwicklung
Sie haben dieses Quiz seit der letzten Aktualisierung nicht gespielt